000 00587cam a2200205 4500500
005 20260405003818.0
041 _afre
042 _adc
100 1 0 _aDuru, Martin
_eauthor
245 0 0 _aAtmosphères
260 _c2023.
500 _a57
690 _aEmotions
690 _aIntériorité
690 _aPhénoménologie
690 _aSentiments
690 _aSubjectivité
786 0 _nPhilosophie magazine | 175 | 12 | 2023-12-01 | p. 55-56 | 1951-1787
856 4 1 _uhttps://shs.cairn.info/magazine-philosophie-magazine-2023-12-1-page-55?lang=fr&redirect-ssocas=7080
999 _c2071043
_d2071043